| 000 | 00542nam a22001817a 4500 | ||
|---|---|---|---|
| 999 |
_c8970 _d8970 |
||
| 008 | 210308b ||||| |||| 00| 0 eng d | ||
| 040 | _aBMS College of Architecture | ||
| 100 | _aP, Shurthi | ||
| 245 | _aPediatric hospital Bellandur Bangalore | ||
| 300 | _aNA | ||
| 500 | _a1BM08AT050 | ||
| 502 |
_8B.Arch _NBMS College Architecture, Visvesvaraya Technological University (VTU) _aProject report _d2013 |
||
| 650 | _aBellandur | ||
| 650 | _aBangalore | ||
| 700 |
_aVaseem A S _eGuide |
||
| 700 |
_aSathish S Rao _eGuide |
||
| 942 |
_2ddc _cTHE |
||